Don Quijote deja huellas / (Record no. 194510)

MARC details
000 -LEADER
campo de control de longitud fija 02171nam a22004454 4500
001 - NÚMERO DE CONTROL
campo de control 194510
003 - IDENTIFICADOR DE NÚMERO DE CONTROL
campo de control SpMaBN
005 - FECHA Y HORA DE LA ÚLTIMA TRANSACCIÓN
campo de control 20250309063125.0
008 - DATOS DE LONGITUD FIJA--INFORMACIÓN GENERAL
campo de control de longitud fija 230430s2005 sp | ||| ||spa
016 7# - NÚMERO DE CONTROL DE UNA AGENCIA BIBLIOGRÁFICA NACIONAL
Número de control del registro bimoBNE20060615305
Fuente SpMaBN
017 ## - NÚMERO DE COPYRIGHT O DE DEPÓSITO LEGAL
Número de copyright o de depósito legal M 45086-2005
Agencia que asigna Oficina Depósito Legal Madrid
020 ## - NÚMERO INTERNACIONAL ESTÁNDAR DEL LIBRO
Número Internacional Estándar del Libro 8480486686
035 ## - NÚMERO DE CONTROL DEL SISTEMA
Número de control de sistema (OCoLC)71820755
040 ## - FUENTE DE CATALOGACIÓN
Centro catalogador/agencia de origen SpMaBN
Lengua de catalogación spa
Centro/agencia transcriptor SpMaBN
Normas de descripción rdc
080 ## - NÚMERO DE LA CLASIFICACIÓN DECIMAL UNIVERSAL
Número de la Clasificación Decimal Universal 821.134.2 Cervantes Saavedra, Miguel de 7 Quijote:791.43
080 ## - NÚMERO DE LA CLASIFICACIÓN DECIMAL UNIVERSAL
Número de la Clasificación Decimal Universal 821.134.2 Cervantes Saavedra, Miguel de 7 Quijote:78
080 ## - NÚMERO DE LA CLASIFICACIÓN DECIMAL UNIVERSAL
Número de la Clasificación Decimal Universal 821.134.2 Cervantes Saavedra, Miguel de 7 Quijote.07
245 00 - MENCIÓN DEL TÍTULO
Título Don Quijote deja huellas /
Mención de responsabilidad, etc. Julio Cebrián ... [et al.] ; prólogo de Miguel Losada.
250 ## - MENCION DE EDICION
Mención de edición Primera Edición, 2005
260 ## - PUBLICACIÓN, DISTRIBUCIÓN, ETC.
Lugar de publicación, distribución, etc. Madrid :
Nombre del editor, distribuidor, etc. Fundación Autor,
Fecha de publicación, distribución, etc. [2005]
300 ## - DESCRIPCIÓN FÍSICA
Extensión 142 p. :
Otras características físicas il. ;
Dimensiones 22 cm
336 ## - TIPO DE CONTENIDO
Fuente rdacontent
Término de tipo de contenido texto
337 ## - TIPO DE MEDIO
Fuente rdamedia
Nombre/término del tipo de medio sin mediación
338 ## - TIPO DE SOPORTE
Fuente rdacarrier
Nombre/término del tipo de soporte volumen
500 ## - NOTA GENERAL
Nota general Conferencias pronunciadas en el Ateneo de Madrid, durante las jornadas "Don Quijote deja Huellas" con motivo de la 15 Semana de Cine Experimental de Madrid
500 ## - NOTA GENERAL
Nota general En port.: Con la colaboración de Ministerio de Cultura, Sociedad Estatal de Conmemoraciones Culturales, Ateneo de Madrid.
600 14 - PUNTO DE ACCESO ADICIONAL DE MATERIA--NOMBRE DE PERSONA
Nombre de persona Cervantes Saavedra, Miguel de,
Fechas asociadas al nombre 1547-1616.
Título de la obra Don Quijote de la Mancha-
Subdivisión general Adaptaciones cinematográficas
9 (RLIN) 37613
600 #0 - PUNTO DE ACCESO ADICIONAL DE MATERIA--NOMBRE DE PERSONA
Nombre de persona Cervantes Saavedra, Miguel de,
Fechas asociadas al nombre 1547-1616.
Título de la obra Don Quijote de la Mancha-
Subdivisión general Adaptaciones musicales
9 (RLIN) 236173
610 27 - PUNTO DE ACCESO ADICIONAL DE MATERIA--NOMBRE DE ENTIDAD CORPORATIVA
9 (RLIN) 168597
Nombre de entidad corporativa o nombre de jurisdicción como elemento de entrada Ateneo de Madrid-
Subdivisión de forma Conferencias-
Subdivisión general conferencias
Subdivisión cronológica 2000-
650 #7 - PUNTO DE ACCESO ADICIONAL DE MATERIA--TÉRMINO DE MATERIA
Término de materia o nombre geográfico como elemento de entrada Don Quijote (Personaje de ficción)
Subdivisión general En la literatura
Fuente del encabezamiento o término embne
9 (RLIN) 172771
700 ## - ENTRADA AGREGADA--NOMBRE PERSONAL
Nombre de persona Cebrián, Julio,
Fechas asociadas al nombre 1929-2016
9 (RLIN) 236174
711 2# - ENTRADA AGREGADA--NOMBRE DE REUNIÓN
Nombre de congreso/reunión o jurisdicción como elemento de entrada Semana de Cine Experimental de Madrid
Número del congreso/reunión o número de parte o sección (15ª.
Sede del congreso/Lugar de la reunión Madrid.
Fecha del congreso o de la firma del tratado 2005)
9 (RLIN) 239746
852 ## - LOCALIZACIÓN
Ubicación ES-MaACL
Sublocalización o colección R.153496
Ubicación en estantería Depósito J
Número de control de estantería N-8868
Encuadernación Encuadernación: rustica
itemnumber 204705
852 ## - LOCALIZACIÓN
Ubicación ES-MaACL
Ubicación en estantería Hemeroteca
Número de control de estantería N-717
itemnumber 108757
903 ## - NOMBRE PERSONAL DE DONANTE
9 74261
a Losada, Miguel
e Donante
942 ## - ELEMENTOS DE ENTRADA SECUNDARIOS (KOHA)
Fuente del sistema de clasificación o colocación Clasificación decimal universal
Tipo de ítem Koha Libro impreso
Suprimir en OPAC No
Holdings
Estatus retirado Estado de pérdida Fuente del sistema de clasificación o colocación Estado de daño No para préstamo Colección Biblioteca de origen Biblioteca actual Ubicación en estantería Fecha de adquisición Total de préstamos Signatura topográfica completa Código de barras Visto por última vez Precio de reemplazo Tipo de ítem Koha Fuente de adquisición
No Opac   Clasificación decimal universal     Fondo Ateneo de Madrid Biblioteca del Ateneo de Madrid Biblioteca del Ateneo de Madrid Hemeroteca 17/01/2008   N-717 1109449 23/02/2023 23/02/2023 Libro impreso  
    Clasificación decimal universal     Fondo Ateneo de Madrid Biblioteca del Ateneo de Madrid Biblioteca del Ateneo de Madrid Depósito J 07/03/2025   N-8868 101229603 07/03/2025 07/03/2025 Libro impreso Donación